| 000 | 00549nam a22001817a 4500 | ||
|---|---|---|---|
| 005 | 20231130061043.0 | ||
| 008 | 231130b |||||||| |||| 00| 0 eng d | ||
| 020 | _a9780702176647 | ||
| 041 | _aEnglish | ||
| 082 | _a340 GEN | ||
| 100 | _lEnglish | ||
| 245 |
_aGender, Law and Justice / _cedited by Bonthuys and Albertyn, C |
||
| 250 | _aFirst Edition | ||
| 260 |
_aCape Town : _bJuta and Company Ltd, _c2007 |
||
| 300 |
_blxxii, 424 pages ; _c25,5 cm. |
||
| 650 |
_aLegal practice _bLaw |
||
| 942 |
_cBK _6ALISON_BN_VRIES |
||
| 999 |
_c1065 _d1065 |
||